000 01252nam a2200229 4500
003 LK-CoMWRAF
005 20231217203921.0
008 231217b |||||||| |||| 00| 0 eng d
040 _aLK-CoMWRAF
_dLK-CoMWRAF
_eLK-CoMWRAF
041 _asin
082 _a370
_bKUL
100 _aකුලරත්න, එන්. ජී.
110 _aකරුණාරත්න, ජී. ආර්. එම්.
111 _a
245 _aඅධ්‍යාපන ක්‍ෂේත්‍රයෙහි ලා ආචාර්‍ය සී. ඩබ්ලිව්. ඩබ්ලිව්. කන්නන්ගර මැතිතුමා ජාතියට සැලසූ සේවාවේ සුවිශේෂ ලක්ෂණ
246 _aAdhyapana kṣetraye la acarya si. ḍabliw. ḍabliw. kannangara mætitumaṭa sæḷasum savave suviseṣi lakṣaṇa
260 _aමහරගම :
_bපර්යේෂණ සහ සංවර්ධන දෙපාර්තමේන්තුව,
_c2006
650 _aඅධ්‍යාපනය--සී. ඩබ්ලිව්. ඩබ්ලිව්. කන්නන්ගර
700 _aආරියදාස, එච්.
_etrans.
700 _aලීලාරත්න, එස්.
_eed.
942 _cBK
999 _c4506
_d4506